Loading...
Fine Arts - Visual Fine Arts | 3 | 4 | 1 | 1 | 80 | 63 | 96.86 | 2 | 5 |
Fine Arts - Other Fine Arts | 2 | 3 | 0 | 0 | 60 | 39 | 96.20 | 2 | 5 |
Philosophy | 0 | 5 | 1 | 0 | 45 | 87 | 95.40 | 0 | 1 |
Other Academic | 1 | 2 | 0 | 0 | 35 | 75 | 92.00 | 0 | 2 |
Literature - British Literature | 1 | 2 | 0 | 0 | 35 | 58 | 104.00 | 2 | 2 |
Science - Chemistry | 1 | 1 | 0 | 1 | 25 | 59 | 92.00 | 0 | 1 |
Social Science | 1 | 2 | 2 | 1 | 25 | 71 | 112.67 | 0 | 0 |
Science - Other Science | 1 | 1 | 0 | 0 | 25 | 52 | 70.00 | 1 | 2 |
Beliefs | 0 | 2 | 0 | 1 | 20 | 139 | 146.00 | 0 | 0 |
History - US History | 1 | 0 | 0 | 0 | 15 | 62 | 62.00 | 0 | 1 |
Literature - World Literature | 1 | 0 | 0 | 0 | 15 | 27 | 27.00 | 0 | 1 |
Literature - American Literature | 1 | 0 | 1 | 0 | 10 | 48 | 48.00 | 0 | 1 |
Science - Earth Science | 0 | 1 | 0 | 0 | 10 | 130 | 130.00 | 0 | 0 |
Fine Arts - Classical Music and Opera | 0 | 1 | 0 | 0 | 10 | 168 | 168.00 | 0 | 0 |
Science - Astronomy | 0 | 1 | 0 | 0 | 10 | 99 | 99.00 | 0 | 0 |
Modern World | 0 | 1 | 0 | 0 | 10 | 78 | 78.00 | 0 | 0 |
Science - Physics | 1 | 0 | 1 | 0 | 10 | 102 | 102.00 | 1 | 1 |
Literature - European Literature | 0 | 0 | 1 | 0 | -5 | 0.00 | 0 | 0 |